<?xml version="1.0" encoding="UTF-8"?>
<record
    xmlns:xsi="http://www.w3.org/2001/XMLSchema-instance"
    xsi:schemaLocation="http://www.loc.gov/MARC21/slim http://www.loc.gov/standards/marcxml/schema/MARC21slim.xsd"
    xmlns="http://www.loc.gov/MARC21/slim">

  <leader>03804nam a2200445 a 4500</leader>
  <controlfield tag="001">dia_5126</controlfield>
  <controlfield tag="003">CHAP</controlfield>
  <controlfield tag="005">20250522133916.0</controlfield>
  <controlfield tag="007">ta</controlfield>
  <controlfield tag="008">220117s2003    mx ad  frm    001 0 spa d</controlfield>
  <datafield tag="010" ind1=" " ind2=" ">
    <subfield code="a">175939</subfield>
  </datafield>
  <datafield tag="040" ind1=" " ind2=" ">
    <subfield code="c">CHAP</subfield>
    <subfield code="a">mxchpua</subfield>
  </datafield>
  <datafield tag="041" ind1="0" ind2=" ">
    <subfield code="a">spa</subfield>
    <subfield code="b">eng</subfield>
  </datafield>
  <datafield tag="090" ind1=" " ind2=" ">
    <subfield code="a">Tesis</subfield>
    <subfield code="b">M37</subfield>
    <subfield code="c">2003</subfield>
  </datafield>
  <datafield tag="100" ind1="1" ind2=" ">
    <subfield code="a">Mart&#xED;nez Cruz, Eliel</subfield>
  </datafield>
  <datafield tag="245" ind1="1" ind2="0">
    <subfield code="a">Caracterizaci&#xF3;n de la calidad y gluteninas de progenitores de trigos harineros (Triticum aestivum L.) de temporal /</subfield>
    <subfield code="c">Eliel Mart&#xED;nez Cruz</subfield>
  </datafield>
  <datafield tag="264" ind1=" " ind2=" ">
    <subfield code="a">Chapingo, M&#xE9;xico :</subfield>
    <subfield code="b">El autor,</subfield>
    <subfield code="c">2003</subfield>
  </datafield>
  <datafield tag="300" ind1=" " ind2=" ">
    <subfield code="a">vii, 76 hojas :</subfield>
    <subfield code="b">ilustraciones, tablas, graficas</subfield>
  </datafield>
  <datafield tag="336" ind1=" " ind2=" ">
    <subfield code="2">rdacontent</subfield>
    <subfield code="a">texto</subfield>
    <subfield code="b">txt</subfield>
  </datafield>
  <datafield tag="337" ind1=" " ind2=" ">
    <subfield code="2">rdamedia</subfield>
    <subfield code="a">no mediado</subfield>
    <subfield code="b">n</subfield>
  </datafield>
  <datafield tag="338" ind1=" " ind2=" ">
    <subfield code="2">rdacarrier</subfield>
    <subfield code="a">volumen</subfield>
    <subfield code="b">nc</subfield>
  </datafield>
  <datafield tag="502" ind1=" " ind2=" ">
    <subfield code="a">Tesis</subfield>
    <subfield code="b">(Ingeniero Agroindustrial) --</subfield>
    <subfield code="c">UACh. Departamento de Ingenier&#xED;a Agroindustrial,</subfield>
    <subfield code="d">2003</subfield>
  </datafield>
  <datafield tag="504" ind1=" " ind2=" ">
    <subfield code="a">Bibliograf&#xED;a : hojas 57-63</subfield>
  </datafield>
  <datafield tag="520" ind1="3" ind2=" ">
    <subfield code="a">Con el fin de caracterizar la calidad de industrializaci&#xF3;n de trigos harineros de temporal en relaci&#xF3;n a las gluteninas de alto peso molecular y la translocacion, trigo-centeno, 1BL.1RS se sembraron 130 genotipos de trigo harinero (Triticum aestivum L.) cosechados bajo condiciones de temporal en los terrenos de Santa Lucia de Prias, M&#xE9;xico, 2001 Los alelos 2* y 1 del genoma A, 17&#xB1;18 y 7+8 del genoma B y 5+10 del genoma D. mostraron un efecto positivo sobre la calidad de panificaci&#xF3;n, el alelo 7+9 del genoma B mostr&#xF3; un efecto intermedio y los alelos, nulo (0) del genoma A y 2+12 del genoma D mostraron un efecto negativo, siendo todos estos alelos los de mayor frecuencia en los genotipos. Los genotipos translocados mostraron una disminuci&#xF3;n de manera general en las caracter&#xED;sticas evaluadas respecto a los no translocados. Las combinaciones con mayor frecuencia fueron 2*-7+9-5+10, 2*-17+18-5+10 y 1-17+18-5+10, con un 28.6 %,22.7 %y 12.6 % respectivamente, siendo estas dos &#xFA;ltimas las que presentaron los vol&#xFA;menes de panmayores 867 y 883 ml. respectivamente. </subfield>
  </datafield>
  <datafield tag="520" ind1="3" ind2=" ">
    <subfield code="a">In order to characterize bread making quality of mexican rainfed bread wheat (Triticum aestivum L.) related to high molecular weight glutenins units and rye-wheat 1BL.1RS translocation; a set of 130 genotypes were planted under rainfall conditions at Santa Lucia of Prias, M&#xE9;xico, 2001. Results showed that a alleles 2* and 1 of genome A, alleles 17+18 and 7+8 of genome B and allele 5+10 of genome D conferred a positive effect of the bread making quality traits. Allele 7+9 of genome B showed intermediate an effect; while, the null (0) of genome A; 2+12 of genome D produced a negative effect on the bread making quality traits. Alleles 2*,7+9 and 5+10 were the most frequent on the analyzed genotypes. The non-translocated genotypes showed an overall bread making quality better than that from the translocated genotypes. The combinations 2*-7+9-5+10, 2*-17+18-5+10 and 1-17+18-5+10 were the most frequent with 28.6 %, 22.7 % and 12.6 %, respectively. The last two combinations showed the highest average bread volume with 867 and 883 ml, respectively. Keys wo </subfield>
  </datafield>
  <datafield tag="650" ind1="1" ind2="3">
    <subfield code="a">Trigo</subfield>
    <subfield code="2">atg</subfield>
    <subfield code="x">Variedades</subfield>
  </datafield>
  <datafield tag="650" ind1="1" ind2="3">
    <subfield code="a">Harina de trigo</subfield>
    <subfield code="x">Calidad del producto  </subfield>
    <subfield code="2">atg</subfield>
  </datafield>
  <datafield tag="650" ind1="1" ind2="3">
    <subfield code="a">Harina de trigo</subfield>
    <subfield code="x">Evaluaci&#xF3;n sensorial de los alimentos</subfield>
    <subfield code="2">atg</subfield>
  </datafield>
  <datafield tag="650" ind1="1" ind2="3">
    <subfield code="a">Wheat  </subfield>
    <subfield code="2">atg</subfield>
    <subfield code="x">Varieties</subfield>
  </datafield>
  <datafield tag="650" ind1="1" ind2="3">
    <subfield code="a">Wheat flour</subfield>
    <subfield code="x">Product quality</subfield>
    <subfield code="2">atg</subfield>
  </datafield>
  <datafield tag="650" ind1="1" ind2="3">
    <subfield code="a">Wheat flour  </subfield>
    <subfield code="x">Sensory evaluation</subfield>
    <subfield code="2">atg</subfield>
  </datafield>
  <datafield tag="700" ind1="1" ind2=" ">
    <subfield code="a">Pe&#xF1;a Bautista, Javier</subfield>
    <subfield code="e">director</subfield>
  </datafield>
  <datafield tag="700" ind1="1" ind2=" ">
    <subfield code="a">Buend&#xED;a Gonz&#xE1;lez, Mar&#xED;a Ofelia</subfield>
    <subfield code="e">asesor</subfield>
  </datafield>
  <datafield tag="700" ind1="1" ind2=" ">
    <subfield code="a">Salazar Zazueta, Alfredo</subfield>
    <subfield code="e">asesor</subfield>
  </datafield>
  <datafield tag="856" ind1="4" ind2="1">
    <subfield code="u">http://10.13.5.2/tesis/99134.pdf</subfield>
    <subfield code="y">DESCARGAR PDF</subfield>
  </datafield>
  <datafield tag="901" ind1=" " ind2=" ">
    <subfield code="a">TESIS M37 2003</subfield>
  </datafield>
  <datafield tag="902" ind1=" " ind2=" ">
    <subfield code="a">M</subfield>
  </datafield>
  <datafield tag="905" ind1=" " ind2=" ">
    <subfield code="a">5232262003                          mx am  8222223322spa16</subfield>
  </datafield>
  <datafield tag="942" ind1=" " ind2=" ">
    <subfield code="c">TESIS</subfield>
    <subfield code="2">Clasificaci&#xF3;n Universidad Aut&#xF3;noma Chapingo</subfield>
  </datafield>
  <datafield tag="999" ind1=" " ind2=" ">
    <subfield code="c">175939</subfield>
    <subfield code="d">175939</subfield>
  </datafield>
  <datafield tag="952" ind1=" " ind2=" ">
    <subfield code="0">0</subfield>
    <subfield code="1">0</subfield>
    <subfield code="2">local</subfield>
    <subfield code="4">0</subfield>
    <subfield code="5">5</subfield>
    <subfield code="7">0</subfield>
    <subfield code="8">TESIS</subfield>
    <subfield code="a">IA_</subfield>
    <subfield code="b">IA_</subfield>
    <subfield code="d">2022-01-18</subfield>
    <subfield code="e">El autor</subfield>
    <subfield code="l">0</subfield>
    <subfield code="o">Tesis M37 2003</subfield>
    <subfield code="p">1101007267</subfield>
    <subfield code="r">2026-02-02 00:00:00</subfield>
    <subfield code="t">Ej.2</subfield>
    <subfield code="w">2022-01-18</subfield>
    <subfield code="y">TESIS</subfield>
  </datafield>
  <datafield tag="952" ind1=" " ind2=" ">
    <subfield code="0">0</subfield>
    <subfield code="1">0</subfield>
    <subfield code="2">local</subfield>
    <subfield code="4">0</subfield>
    <subfield code="5">1</subfield>
    <subfield code="7">0</subfield>
    <subfield code="8">TESIS</subfield>
    <subfield code="a">IA_</subfield>
    <subfield code="b">IA_</subfield>
    <subfield code="d">2022-01-18</subfield>
    <subfield code="e">El autor</subfield>
    <subfield code="l">0</subfield>
    <subfield code="o">Tesis M37 2003</subfield>
    <subfield code="p">1101007266</subfield>
    <subfield code="r">2026-02-02 00:00:00</subfield>
    <subfield code="t">Ej.1</subfield>
    <subfield code="w">2022-01-18</subfield>
    <subfield code="y">TESIS</subfield>
  </datafield>
  <datafield tag="952" ind1=" " ind2=" ">
    <subfield code="0">0</subfield>
    <subfield code="1">0</subfield>
    <subfield code="2">local</subfield>
    <subfield code="4">0</subfield>
    <subfield code="7">0</subfield>
    <subfield code="8">TesDigL</subfield>
    <subfield code="a">IA_</subfield>
    <subfield code="b">IA_</subfield>
    <subfield code="c">E_L</subfield>
    <subfield code="d">2022-01-18</subfield>
    <subfield code="e">El autor</subfield>
    <subfield code="l">0</subfield>
    <subfield code="p">1201007266</subfield>
    <subfield code="r">2025-05-22 13:17:48</subfield>
    <subfield code="w">2022-01-18</subfield>
    <subfield code="y">TD</subfield>
  </datafield>
</record>
